| 000 | 00404nam a2200157Ia 4500 | ||
|---|---|---|---|
| 008 | 220216s9999 xx 000 0 und d | ||
| 100 | _aJacob J | ||
| 245 | 4 | _aThe Kyoto protocol and the Indian natural rubber sector | |
| 260 |
_bPlanters Chronicle _c2007 |
||
| 300 | _a12-Jul | ||
| 520 | _aRubber Alerts 2007(3) | ||
| 650 | _aIndia | ||
| 650 | _aKyoto protocol | ||
| 650 | _aNR sector | ||
| 942 | _cJS | ||
| 999 |
_c70816 _d70816 |
||